| 000 | 00729pam a2200253 a 4500 | ||
|---|---|---|---|
| 005 | 20131119103826.0 | ||
| 008 | 131119b xxu||||| |||| 00| 0 eng d | ||
| 020 | _a0444426213 | ||
| 041 | 0 | _aeng | |
| 080 | _a004.52 | ||
| 100 | 1 | _aNof, S.Y. | |
| 245 | 0 | 0 |
_aRobotics and material flow / _cedited by S.Y. Nof. |
| 260 |
_aAmsterdam ; _aNew York : _bElsevier, _c1986. |
||
| 300 |
_a205 f. : _bme il. ; _c28 cm. |
||
| 490 |
_aMaterial Flow _vIII |
||
| 500 | _a"Published as a special issue of Material flow, vol. 3, issues 1-3." | ||
| 504 | _aIncludes bibliographies. | ||
| 650 | 0 | _2Robotët | |
| 650 | 0 | _2Materialet | |
| 650 | 0 | _2Automatët | |
| 700 | 1 |
_aNof, Shimon Y., _d1946- |
|
| 730 | 0 | _aMaterial flow. | |
| 942 |
_2udc _cBK |
||
| 999 |
_c65 _d65 |
||